Hellas und Rom in Religion und Weisheit, Dichtung und Kunst (Record no. 40270)

MARC details
000 -LEADER
campo de control de longitud fija 00782nam a2200205 i 4500
001 - NÚMERO DE CONTROL
campo de control 40270
003 - IDENTIFICADOR DE NÚMERO DE CONTROL
campo de control ES-MaACL
005 - FECHA Y HORA DE LA ÚLTIMA TRANSACCIÓN
campo de control 20230906160158.0
007 - CAMPO FIJO DE DESCRIPCIÓN FÍSICA--INFORMACIÓN GENERAL
campo de control de longitud fija t|
008 - DATOS DE LONGITUD FIJA--INFORMACIÓN GENERAL
campo de control de longitud fija 030305s1877 ddr ||||1| ger d
100 1# - ENTRADA PRINCIPAL--NOMBRE DE PERSONA
Nombre de persona Carriere, Moriz.
9 (RLIN) 35744
245 10 - MENCIÓN DEL TÍTULO
Título Hellas und Rom in Religion und Weisheit, Dichtung und Kunst
Resto del título : ein Beitrag zur Geschichte des menschlichen Geistes / von Moriz Carriere.
250 ## - MENCION DE EDICION
Mención de edición 3ª ed.
260 ## - PUBLICACIÓN, DISTRIBUCIÓN, ETC.
Lugar de publicación, distribución, etc. Leipzig :
Nombre del editor, distribuidor, etc. Brockhaus,
Fecha de publicación, distribución, etc. 1877.
300 ## - DESCRIPCIÓN FÍSICA
Extensión XVI, 653 p. ;
Dimensiones 23 cm.
490 1# - MENCIÓN DE SERIE
Mención de serie Die Kunst im Zusammenhang der Culturentwickelung und die Ideale der Menschheit ;
Designación de volumen o secuencia 2
830 0# - PUNTO DE ACCESO ADICIONAL DE SERIE-TÍTULO UNIFORME
Título uniforme Die Kunst im Zusammenhang der Culturentwickelung und die Ideale der Menschheit ;
Designación de volumen o secuencia 2
9 (RLIN) 181846
852 ## - LOCALIZACIÓN
Ubicación ES-MaACL
Número de control de estantería Z-208
Encuadernación Olim: G-2604
Holdings
Estatus retirado Estado de pérdida Estado de daño No para préstamo Colección Biblioteca de origen Biblioteca actual Ubicación en estantería Fecha de adquisición Fuente de adquisición Total de préstamos Signatura topográfica completa Código de barras Visto por última vez Precio de reemplazo Tipo de ítem Koha
        Libros del s. XIX Biblioteca del Ateneo de Madrid Biblioteca del Ateneo de Madrid Depósito Z 17/01/2008     Z-208 1042396 23/02/2023 23/02/2023 Libro impreso antiguo